Izquierda y violencia revolucionaria en Guatemala (1954-1960) /
Es bastante sabido que la historia de la sociedad guatemalteca durante la mayor parte de la segunda mitad del siglo XX, habría de ser cruenta debido a la violencia política que se observó durante ese período. En este trabajo se postula que la contrarrevolución de 1954, creó las condiciones para que...
Uloženo v:
| Hlavní autor: | |
|---|---|
| Médium: | Text |
| Témata: | |
| Tagy: |
Přidat tag
Žádné tagy, Buďte první, kdo vytvoří štítek k tomuto záznamu!
|
MARC
| LEADER | 00000 a a2200000 04500 | ||
|---|---|---|---|
| 001 | 42375 | ||
| 003 | |||
| 040 | |||
| 100 | |a Figueroa Ibarra, Carlos | ||
| 245 | |a Izquierda y violencia revolucionaria en Guatemala (1954-1960) / |c Carlos Figueroa Ibarra | ||
| 520 | |a Es bastante sabido que la historia de la sociedad guatemalteca durante la mayor parte de la segunda mitad del siglo XX, habría de ser cruenta debido a la violencia política que se observó durante ese período. En este trabajo se postula que la contrarrevolución de 1954, creó las condiciones para que la izquierda revolucionaria en Guatemala, empezara a pensar en la violencia como la vía ineludible para la transformación revolucionaría del país. También se postula que pese a lo anterior, hubo un momento a fines de los años cincuenta, en la izquierda volvió a vislumbrar la posibilidad de una transición pacífica a la democracia. Esta posibilidad se canceló con el endurecimiento de la represión estatal que siguió al triunfo de la revolución cubana y también a la radicalización que dicha revolución provocó en las filas de la izquierda revolucionaria. | ||
| 590 | |a RRA/DICIEMBRE2011 | ||
| 650 | |a 1.CONFLICTOS POLITICOS | ||
| 650 | |a 2.GUERRA CIVIL | ||
| 650 | |a 3.GUATEMALA | ||
| 650 | |a 4.IZQUIERDA | ||
| 773 | |g páginas 181-197 | ||
| 999 | |c 33141 |d 33141 | ||
